Gaming Quiz

Random Gaming or Video Games Quiz

Best Selling Video Games Quiz Stats

 Plays Quiz Updated Jul 25, 2019

Support Sporcle.
Go Orange.
Score 0/50 Timer 10:00
26 Plays Today
Units Sold (Millions) Game % Correct
82.87Wii Sports
73.6%
40.24Super Mario Bros.
64.4%
19.39Grand Theft Auto V
59.4%
31.38Pokémon Red/Green/Blue Version
55.6%
14.50Halo 3
55.2%
20.32Grand Theft Auto V
50.7%
15.86Grand Theft Auto V
50.7%
23.10Pokémon Gold/Silver Version
42.5%
22.67Wii Fit
38.9%
16.39Pokemon X/Y
37.6%
30.26Tetris
37.3%
31.14Minecraft
36.2%
16.69Mario Kart 8 Deluxe
35.9%
15.00Sonic the Hedgehog
33.2%
16.15Pokémon Sun/Moon Version
31%
16.22Pokémon Ruby/Sapphire Version
29.3%
14.44Super Mario Odyssey
29.1%
17.28Super Mario Bros. 3
28.9%
13.81Super Smash Bros. Ultimate
28.7%
13.86Call of Duty: Black Ops II
28.3%
20.61Super Mario World
27.9%
17.67Pokémon Diamond/Pearl Version
27%
14.64Pokémon Yellow Version
26.2%
17.30Grand Theft Auto: San Andreas
26.1%
14.82Call of Duty: Modern Warfare 3
25.8%
Units Sold (Millions) Game % Correct
37.20Mario Kart Wii
23.3%
16.15Grand Theft Auto: Vice City
22.8%
28.02Wii Play
19.5%
18.26Mario Kart 7
18.5%
28.31Duck Hunt
17.7%
15.09Call of Duty: Black Ops 3
17.7%
23.96Nintendogs
17.1%
15.64Pokémon Black/White Version
16%
13.94Red Dead Redemption 2
15.9%
30.80New Super Mario Bros.
15.6%
36.60PlayerUnknown's Battlegrounds
15.1%
16.25Uncharted 4: A Thief's End
14.8%
14.74Call Of Duty: Black Ops
14.4%
23.60Mario Kart DS
13.4%
33.10Wii Sports Resort
13.3%
18.14Super Mario Land
12.9%
19.01Brain Age
11.5%
14.89Gran Turismo 3: A-Spec
10.1%
14.19Pokémon OmegaRuby/AlphaSapphire Version
9.3%
30.26New Super Mario Bros. Wii
5.7%
15.00Counter-Strike: Source
4.5%
14.88Brain Age 2
4%
18.58Garry's Mod
3.6%
21.13Wii Fit Plus
3.3%
24.00Kinect Adventures!
2.8%

From the Vault

Eight Word Hints for Eight Letter Films

by DarkPhalanx

Movies 3m
If you're not big on movie trivia, you might feel a bit clueless during this quiz.
Remove Ads.
Support Sporcle.
Get the best of Sporcle when you Go Orange. This ad-free experience offers more features, more stats, and more fun while also helping to support Sporcle. Thank you for becoming a member.

Show Comments

Extras

Top Quizzes Today


Score Distribution

Your Account Isn't Verified!

In order to create a playlist on Sporcle, you need to verify the email address you used during registration. Go to your Sporcle Settings to finish the process.

Report this User

Report this user for behavior that violates our Community Guidelines.

Details: